Responses for Show #5839 - Thursday, January 21, 2010

2009-2010 Million Dollar Celebrity Invitational quarterfinal game 5.

Contestants

[<< previous game]

Doug Savant, an actor from Desperate Housewives

Elizabeth Perkins, an actress from Weeds

Pat Sajak, a game show host from Wheel of Fortune

[next game >>]

Jeopardy! Round responses

U.S. MOUNTAINS
(Alex: Doug, you might relate to this--not Knots Landing, but...)
NUTS LANDING
PEOPLE STYLE WATCH
STARTING A LEGAL HOME BUSINESS
(Alex: Not like the business on Weeds, of course.)
PSYCHO 101
YOU ONLY NEED TO BUY 1 VOWEL
(Alex: And the reason you only need to buy one is because there's just one vowel in each correct response.)
    $200 24
Phoenix

Elizabeth
    $200 11
a peanut

Pat
    $200 18
Yves Saint Laurent

Elizabeth
    $200 13
(Elizabeth: Uhh... the Savings and Bank Association?)

Small Business Administration

PatElizabeth
    $200 1
Alfred Hitchcock

Elizabeth
    $200 6
(Elizabeth: What is wide?)

bright

ElizabethDoug
    $400 26
Pikes

Pat
    $400 12
walnuts

Doug
    $400 19
purple

Elizabeth
    $400 14
a trademark

Doug
    $400 2
the shower

Pat
    $400 7
Dutch

Pat
    $600 27
[The end-of-round signal sounds.]

Mount McKinley

Pat
    $3,200 21
a chestnut

Pat
    $600 20
Pod

Pat
    $600 15
a lease

Doug
    $600 3
Janet Leigh

Elizabeth
    $600 8
shack

Pat
    $800 22
(Alex: Yes, with about a minute to go.)

almonds

Pat
    $800 16
an inventory

Pat
    $800 4
his mother

Pat
    $800 9
frisk

Pat
    $1000 23
a cashew

Pat
    $1000 25
Gabbana

Pat
    $1000 17
liquidate

Elizabeth
    $1000 5
John Gavin

Pat
    $1000 10
scratch

Pat

Scores at the first commercial break (after clue 15):

Pat Elizabeth Doug
$5,400 $400 $1,600

Scores at the end of the Jeopardy! Round:

Pat Elizabeth Doug
$13,800 $2,200 $1,600

Double Jeopardy! Round responses

ARTS NEWS 2009
BACKING BANDS
REMEMBERING TED KENNEDY
I'M A "STAR"
VICTORIAN NOVELISTS
WHEELS OF MISFORTUNE
    $400 16
(Pat: What's [*]? No.)
(Alex: Yes.)
(Pat: [Quickly changing his mind] Yes. Yeah. Thank you. You'll tell me if it's right or wrong. I don't have to.)

the NEA

Pat
    $400 1
Johnny Cash

Pat
    $400 18
Massachusetts

Elizabeth
    $400 6
(Pat: What is "Old Glory"?)
...
(Alex: [*], or "Star-Spangled Banner".)

"Stars and Stripes"

PatDoug
    $400 24
Dickens

Triple Stumper
    $400 11
the Edsel

Pat
    $800 17
(Pat: Uh, what is the L.A. Symphony?)

the L.A. Philharmonic

PatElizabeth
    $4,200 2
(Alex: Yes. Daily Double in the second box is usually easier.)

Elvis Presley

Pat
    $800 19
George Washington

Pat
    $800 7
Starbursts

Elizabeth
    $800 25
(Elizabeth: Who is Lewis?)
(Alex: No.)
(Elizabeth: Carroll--[*]. Who is [*]?)
(Alex: Okay, you got it in there, and we have a minute to go.)

Lewis Carroll

Elizabeth
    $800 12
the electric car

Doug
    $1200 21
Blanche DuBois

Elizabeth
    $1200 3
James Brown

Pat
    $1200 20
(Alex: And that was our governor, [*].)

Arnold Schwarzenegger

Triple Stumper
    $1200 8
a starfish

Elizabeth
    $1200 28
Robert Louis Stevenson

Elizabeth
    $1200 13
(John) DeLorean

Pat
    $1600 22
finger painting

Elizabeth
    $1600 4
(Alex: Yes, Bruce Springsteen's.)

The E Street Band

Elizabeth
    $13,800 29
[The end-of-round signal sounds.]

health care

Elizabeth
    $1600 10
A Star Is Born

Pat
    $1600 14
Tucker

Pat
    $2000 23
Amsterdam

Pat
    $2000 5
Elvis Costello

Doug
    $2000 26
Arlington

Elizabeth
    $2000 9
star-crossed

Pat
    $2000 27
(Bram) Stoker

Pat
    $2000 15
the Yugo

Pat

Scores at the end of the Double Jeopardy! Round:

Pat Elizabeth Doug
$32,400 $27,600 $4,800

[wagering suggestions for these scores]

Final Jeopardy! Round responses

COMIC STRIP CHARACTERS
DougWho is Charley Brown?
$4,699
ElizabethWho is [Spid scribbled out] Andy Capp?
$27,600
PatWho is Charlie Brown?
$22,900
Charlie Brown

Final scores:

Pat Elizabeth Doug
$55,300 $0 $9,499
Winner: $55,300 to Vietnam Veterans of America 3rd place: $25,000 to the Doug Turner Memorial Scholarship Fund 2nd place: $25,000 to St. Vincent Meals on Wheels

Game dynamics:

Coryat scores:

Pat Elizabeth Doug
$26,400 $15,400 $4,800
30 R
(including 2 DDs),
2 W
17 R
(including 1 DD),
2 W
7 R,
0 W

Combined Coryat: $46,600

[game clues] [game scores] [suggest correction]

Game tape date: 2009-09-26
The J! Archive is created by fans, for fans. Scraping, republication, monetization, and malicious use prohibited; this site may use cookies and collect identifying information. See terms. The Jeopardy! game show and all elements thereof, including but not limited to copyright and trademark thereto, are the property of Jeopardy Productions, Inc. and are protected under law. This website is not affiliated with, sponsored by, or operated by Jeopardy Productions, Inc. Join the discussion at JBoard.tv.